| 000 | 00743nam a22001937a 4500 | ||
|---|---|---|---|
| 999 |
_c176097 _d176097 |
||
| 005 | 20201105154321.0 | ||
| 010 | _aUR-10920 | ||
| 020 |
_c80.00 _a9789389733556 |
||
| 035 | _aU-9475 | ||
| 037 | _bDBAD/PUB | ||
| 082 | _a840.8 | ||
| 100 | _aمنا ظر عا شق ہر گا نو ی | ||
| 245 |
_aعز يز ا حمد :بچو ں کے نا و ل نگا ر _cمنا ظر عا شق ہر گا نو ی |
||
| 246 |
_bAziz Ahmed : Bachchon Ke Novel Nigar (Urdu) _aby Manazir Ashiq Harganvi |
||
| 260 |
_aN.Delhi _bEducational Publishing House _c2020 ء |
||
| 270 |
_aH.O.D1/16,Ansari Road,Darya ganj, _bN.Delhi _e110002 _k45678285,23216162 _l0091-11-23211540 |
||
| 300 |
_a64 ص _c22 Cm(Hb) |
||
| 942 |
_2ddc _cUR _h840.8 _mم ن ا |
||